| 000 | 00375nam a22001337a 4500 | ||
|---|---|---|---|
| 020 | _a8172333765 | ||
| 082 |
_a631.587 _bSCI/DE |
||
| 100 |
_aFood and Agriculture Organization of the United Nations (FOA) _9621 |
||
| 245 | _aDeficit Irrigation Practice | ||
| 260 |
_aJodhpur _bScientific Publishers (india) _c2002 |
||
| 300 | _a102 | ||
| 490 | _aWater Reports 22 | ||
| 942 | _cBK | ||
| 999 |
_c14384 _d14384 |
||